| 000 | 00533nam a2200157 a 4500 | ||
|---|---|---|---|
| 005 | 20140414132122.0 | ||
| 008 | 121010s19uu xx 00 eng d | ||
| 050 |
_aM 813.5 _bTr784 1997 |
||
| 245 | _aA treasury of well loved bedtime lullabies. | ||
| 260 |
_aLondon : _bGrandreams Limited, _c1997. |
||
| 300 | _a93 | ||
| 500 | _aBye, baby bunting. Hush little baby. Twinkle, twinkle, little star. Rock-a-bye baby. | ||
| 650 | _aLullabies-children's stories-compilation. | ||
| 700 | _aPam Storey ( illustrator) | ||
| 999 |
_c115099 _d115099 |
||